000 00957nam a2200241Ia 4500
003 Ost
005 20260507075603.0
008 260507s9999||||xx |||||||||||||| ||und||
020 _a9957116401
040 _cfsecg
041 _aara
082 _a500
100 _aحمدان، فتحى خليل
_eمؤلف
245 0 _aالرياضيات للعلوم الادارية والمالية /
_c فتحى خليل حمدان
260 _aعمان:
_bدار وائل للنشر والتوزيع,
_c2006
300 _a242 صفحة؛
_bإيضاحات ؛
_c24 سم
504 _aمراجع ص.241
520 _aالمجموعات والاقتراحات اضافة الى المعادلات و المتباينات و المتتاليات ,الموصوفات و المحددات ,التفاضل و تطبيقاته و التكامل.
653 _aرياضيات
653 _aعلوم ادارية
653 _aعلوم مالية
942 _cكتاب
999 _c45025
_d45025